Statistiche per Paesi più vicini alla Finlandia - Uno minuti Sprint

Clicka qui per fare il quiz!

Statistiche generali

  • Questo quiz è stato fatto 33 volte
  • Il punteggio medio è 15 su 20

Statistiche sulle risposte

kmnazione% Corretto
0Norvegia
100%
0Russia
100%
0Svezia
100%
378Lituania
97%
575Danimarca
93%
47Estonia
93%
213Lettonia
93%
470Bielorussia
86%
718Germania
86%
603Polonia
86%
879Ucraina
76%
1044Cechia
69%
1315Belgio
66%
1071Paesi Bassi
66%
1106Regno Unito
59%
1153Slovacchia
59%
1256Ungheria
55%
1306Romania
52%
1291Moldavia
48%
1262Austria
45%

Distribuzione punteggi

Percentile per numero di risposta

Percentuale di utenti per punteggio

I tuoi punteggi nel tempo

Non hai fatto questo quiz